Normal view
MARC view
- Stevenson, Elizbeth
Entry Personal Name
001 - CONTROL NUMBER
- control field: 2509
003 - CONTROL NUMBER IDENTIFIER
- control field: JO-AjAnu
005 - DATE AND TIME OF LATEST TRANSACTION
- control field: 20230606070720.0
008 - FIXED-LENGTH DATA ELEMENTS
- fixed length control field: 230606|| aca||aabn | a|a d
040 ## - CATALOGING SOURCE
- Original cataloging agency: JO-AjAnu
- Transcribing agency: JO-AjAnu
100 ## - HEADING--PERSONAL NAME
- Personal name: Stevenson, Elizbeth
670 ## - SOURCE DATA FOUND
- Source citation: Work cat.: (JO-AjAnu)1313: Stevenson, Elizbeth , author, Henry James: The Crooked Corridor